Catcheurs ou catcheuse avec le plus de victoires par année - Statistiques

Statistiques générales
  • Ce quiz a été pris 903 fois
  • Le résultat moyen est 50 sur 75
Statistiques - réponses
Année Position Réponse % Correct
2014 2 John Cena
93%
2013 2 John Cena
93%
2012 2 John Cena
93%
2011 1 John Cena
93%
2010 1 John Cena
93%
2009 1 John Cena
93%
2006 1 John Cena
93%
2005 1 John Cena
93%
2017 3 Roman Reigns
92%
2016 1 Roman Reigns
92%
2015 1 Roman Reigns
92%
2013 3 Randy Orton
90%
2011 2 Randy Orton
90%
2010 2 Randy Orton
90%
2004 2 Randy Orton
90%
2009 3 Triple H
89%
2008 1 Triple H
89%
2006 3 Triple H
89%
2023 2 Seth Rollins
88%
2019 1 Seth Rollins
88%
2018 3 Seth Rollins
88%
2017 2 Seth Rollins
88%
2024 1 Cody Rhodes
85%
2023 1 Cody Rhodes
85%
2000 2 The Rock
85%
2001 2 Undertaker
83%
2003 3 Brock Lesnar
82%
2002 2 Brock Lesnar
82%
2007 1 Batista
79%
2005 2 Batista
79%
2008 2 CM Punk
79%
2007 3 CM Punk
79%
2007 2 Kane
78%
2001 1 Kane
78%
2010 3 Rey Mysterio
77%
2017 1 Dean Ambrose
73%
2016 2 Dean Ambrose
73%
2015 2 Dean Ambrose
73%
2024 3 Jey Uso
73%
2005 3 Big Show
71%
2022 2 Drew McIntyre
71%
2021 1 Drew McIntyre
71%
2020 1 Drew McIntyre
71%
2014 3 Sheamus
66%
2012 1 Sheamus
66%
2018 1 AJ Styles
65%
2004 3 Chris Jericho
63%
2001 3 Chris Jericho
63%
2013 1 Daniel Bryan
62%
2023 3 Sami Zayn
58%
2004 1 Chris Benoit
55%
2003 2 Chris Benoit
55%
2011 3 Kofi Kingston
55%
2009 2 Kofi Kingston
55%
2020 3 Bobby Lashley
53%
2006 2 Bobby Lashley
53%
2022 3 Jimmy Uso
50%
2014 1 Jimmy Uso
50%
2021 2 Big E
47%
2000 3 Christian
47%
2019 3 Bayley
46%
2016 3 Bayley
46%
2020 2 Asuka
43%
2018 2 Asuka
43%
2024 2 Bianca Belair
41%
2022 1 Bianca Belair
41%
2008 3 Matt Hardy
40%
2003 1 Rob Van Dam
34%
2002 1 Rob Van Dam
34%
2015 3 Ryback
33%
2019 2 Ricochet
20%
2021 3 Matt Riddle
14%
2002 3 Billy
8%
2012 3 Brodus Clay
6%
2000 1 Steve Blackman
4%
Aucun quiz correspondant
Distribution des résultats
% des personnes avec chaque résultat
Percentile par nombre de réponses
Votre historique - résultats
Vous n’avez pas pris ce quiz